000 00522nam a2200181Ia 4500
005 20250326124748.0
008 250326s9999 xx 000 0 und d
037 _aTextbook
040 _aFMSL
_beng
_cFMSL
041 _aeng
_2eng
084 _aX:89Q L1
_qFMSL
100 _aMize J H
_9735655
245 0 _aOperations planning and control
_cMize J H; White C R And Others
260 _aNew Jersey
_bNew Jersey, Prentice-Hall
_c1971
300 _a408p
942 _cTB
_hX:89Q L1
999 _c1275086
_d1275086